Sports Quiz

Random Sports or Tennis Quiz

Men's Grand Slam #1 Seeds Quiz Stats

Quiz Updated Apr 20, 2017

Challenge
Share
Tweet
Embed
Score 0/30 Timer 05:00
1 Play Today
#1 Seeds Player % Correct
23Roger Federer
98.5%
11Rafael Nadal
96.9%
23Pete Sampras
94.3%
7Andre Agassi
90.6%
16Novak Djokovic
87.5%
10John McEnroe
87.5%
3Andy Murray
84.1%
14Björn Borg
83.3%
9Jimmy Connors
75.2%
18 Ivan Lendl
71.5%
2Boris Becker
69.4%
1Andy Roddick
66%
7Lleyton Hewitt
60.8%
11Rod Laver
58.6%
6Stefan Edberg
53.1%
#1 Seeds Player % Correct
1Arthur Ashe
52.8%
5Jim Courier
50.3%
1Mats Wilander
42.2%
3Gustavo Kuerten
35.9%
4Ilie Năstase
34.8%
4Stan Smith
29.7%
4John Newcombe
29.3%
5Guillermo Vilas
23.5%
1Yevgeny Kafelnikov
23.2%
1Marcelo Ríos
21.1%
2Ken Rosewall
19%
1Vitas Gerulaitis
9.9%
2Jan Kodes
7.7%
1Tony Roche
6.4%
1Johan Kriek
5.5%

You're not logged in!

Compare scores with friends on all Sporcle quizzes.
Sign Up with Email
OR
Log In

You Might Also Like...

Show Comments

Extras

Top Quizzes Today


Score Distribution

Your Account Isn't Verified!

In order to create a playlist on Sporcle, you need to verify the email address you used during registration. Go to your Sporcle Settings to finish the process.

Report this User

Report this user for behavior that violates our Community Guidelines.

Details: